=LDR 00000nam 2200000 4500 =001 INLIS000000000015718 =005 20200511074647 =035 ##$$a 0010-061300000015718 =008 200511################g##########0#ind## =041 ##$$a Ind =082 ##$$a 2x3.131 =090 ##$$a 2x3.131, Ass j =100 ##$$a Assyaukani, Imam =245 1#$$a Jalan Mencapai Kewalian /$c Imam Assyaukani; penerjemah, H.M.Shonwani Basyuni =260 ##$$a Surabaya :$b Al- Ikhlas,$c 1995 =300 ##$$a xvii, 164 hlm ; $c 19 x 13 cm =650 #4$$a Wali-Ibadah =850 ##$$a NBPNMAT =084 ##$$a 2x3.131 ASS j =500 ##$$a Judul asli: Qathrul Wali Ala Haditsil Wali =990 ##$$a 121.515/pro97 =990 ##$$a 121.515/pro97